| 000 | 00953nam a22003015i 4500 | ||
|---|---|---|---|
| 999 |
_c6942 _d6942 |
||
| 003 | EG-ScBUE | ||
| 005 | 20201027100653.0 | ||
| 008 | 200219s2005 enk f b 001 0 eng d | ||
| 020 | _a9780340887875 (pbk.) | ||
| 020 | _a0340887877 (pbk.) | ||
| 035 | _a(OCoLC)ocm57380746 | ||
| 040 |
_aEG-ScBUE _beng _erda _cEG-ScBUE _dEG-ScBUE |
||
| 082 | 0 | 4 |
_a808.3 _bHAW _222 |
| 100 | 1 |
_aHawthorn, Jeremy, _eauthor. _941827 |
|
| 245 | 1 | 0 |
_aStudying the novel / _cJeremy Hawthorn. |
| 250 | _aFifth edition. | ||
| 264 | 1 |
_aLondon : _bHodder Education / Hodder Headline Group, _c2005. |
|
| 300 |
_avi, 218 pages ; _c24 cm |
||
| 336 |
_atext _btxt _2rdacontent |
||
| 337 |
_aunmediated _bn _2rdamedia |
||
| 338 |
_avolume _bnc _2rdacarrier |
||
| 504 | _aIncludes bibliographical references and index. | ||
| 650 | 7 |
_aFiction _xHistory and criticism. _2BUEsh |
|
| 650 | 7 |
_aCriticism. _2BUEsh |
|
| 651 | _2BUEsh | ||
| 653 |
_bHHUUEENN _cOctober2020 |
||
| 942 |
_cBB _2ddc |
||